| 000 | 01064cab a2200265 4500 | ||
|---|---|---|---|
| 001 | ABS55703 | ||
| 008 | 090401t1996 xxu||||| |||| 00| 0 eng d | ||
| 035 | _a(Sirsi) u18183 | ||
| 041 | _aeng | ||
| 100 | _aBrown, J. | ||
| 245 | 4 | _aThe enforceability of leasehold covenants and the Landlord and Tenant (Covenants) Act 1995 | |
| 260 | _c1996 | ||
| 350 | _a0 | ||
| 490 |
_aRent Review & Lease Renewal _v16(3) 1996, 14-21(8) |
||
| 520 | _aDiscusses the enforceability of leasehold covenants and liability of original parties to leases under the Landlord and Tenant (Covenants) Act 1995. Outlines main areas of reform including abolition of original tenant liability and assignment rules which apply to new leases made on or after 1 January 1996. | ||
| 650 | _aASSIGNMENT | ||
| 650 | _aAUTHORISED GUARANTEE AGREEMENTS | ||
| 650 | _aLANDLORD AND TENANT (COVENANTS) ACT 1995 | ||
| 650 | _aLEASES | ||
| 650 | _aORIGINAL TENANT LIABILITY | ||
| 650 | _aPRIVITY OF CONTRACT | ||
| 690 | _aPROPERTY-LANDLORD AND TENANT | ||
| 942 | _n0 | ||
| 948 | _c04/03/1997 | ||
| 999 |
_c12063 _d12063 |
||